Howdy, Neighbor! II Quiz Stats

Quiz Updated Apr 14, 2013

Also try: Howdy, Neighbor!
Challenge
Share
Tweet
Score 0/24 Timer 05:00
0 Plays Today
TV Show % Correct
SpongeBob SquarePants
94.4%
Sesame Street
92.3%
The Big Bang Theory
82.8%
That 70's Show
79.7%
King of the Hill
78.9%
The Cosby Show
55.7%
The Smurfs
55.2%
Green Acres
50.4%
Friends
49.9%
Two and a Half Men
41.8%
Newhart
41.6%
The Jeffersons
37.1%
TV Show % Correct
Hey Arnold!
36.5%
Family Ties
35.6%
Arrested Development
33.4%
One Day at a Time
32%
Frasier
30.7%
Growing Pains
29.1%
Dennis the Menace
24.8%
Empty Nest
18.3%
Too Close for Comfort
16.1%
M*A*S*H
12.3%
My So Called Life
10.4%
Alf
6%

You're not logged in!

Compare scores with friends on all Sporcle quizzes.
Join for Free
OR
Log In

You Might Also Like...

Show Comments

Extras

Top Quizzes Today


Score Distribution

Your Account Isn't Verified!

In order to create a playlist on Sporcle, you need to verify the email address you used during registration. Go to your Sporcle Settings to finish the process.

Report this User

Report this user for behavior that violates our Community Guidelines.

Details: